000 00422pam a2200157a 44500
008 230515b2007 xxu||||| |||| 00| 0 eng d
020 _a81-8448-024-5
041 _aENGLISH
082 _a610.73
100 _aCATALANO JOSEPH T
245 _aNURSING NOW TODAY'S, TOMORROW'S TRENDS
250 _a4
260 _a
_bJAYPEE BROTHERS MEDICAL PUBLISHERS (P) LTD.
_c2007
300 _a526
650 _aNURSING ADMINISTRATION
999 _c504981
_d504981